<?xml version="1.0" encoding="UTF-8"?>
<record
    xmlns:xsi="http://www.w3.org/2001/XMLSchema-instance"
    xsi:schemaLocation="http://www.loc.gov/MARC21/slim http://www.loc.gov/standards/marcxml/schema/MARC21slim.xsd"
    xmlns="http://www.loc.gov/MARC21/slim">

  <leader>01141nam a2200217 i 4500</leader>
  <controlfield tag="001">170687</controlfield>
  <controlfield tag="003">ES-MaACL</controlfield>
  <controlfield tag="005">20240229194805.0</controlfield>
  <controlfield tag="008">090330q18601869fr f         |||| | fre d</controlfield>
  <datafield tag="080" ind1=" " ind2=" ">
    <subfield code="a">72(430)"18"</subfield>
  </datafield>
  <datafield tag="245" ind1="0" ind2="2">
    <subfield code="a">L'architecture allemande au XIXe. si&#xE8;cle </subfield>
    <subfield code="b">: recueil de maisons de ville et de campagne : villas, chalets, kiosques, d&#xE9;corations int&#xE9;rieures, d&#xE9;corations de jardins, etc. / </subfield>
    <subfield code="c">publi&#xE9; par une Societ&#xE9; d'Architectes Allemands.</subfield>
  </datafield>
  <datafield tag="260" ind1=" " ind2=" ">
    <subfield code="a">Paris : </subfield>
    <subfield code="b">A. Morel et Cie, libr. : </subfield>
    <subfield code="b">Ernst et Kom, </subfield>
    <subfield code="c">[1860-1869]</subfield>
  </datafield>
  <datafield tag="300" ind1=" " ind2=" ">
    <subfield code="a">10 v. (l&#xE1;m. col. y n.) ; </subfield>
    <subfield code="c">36 x 28 cm.</subfield>
  </datafield>
  <datafield tag="595" ind1=" " ind2=" ">
    <subfield code="a">Ed. francesa de: Arkitectonisches Skizzenbuch. - 10 a&#xF1;os.</subfield>
  </datafield>
  <datafield tag="595" ind1=" " ind2=" ">
    <subfield code="a">www.rero.ch 31/10/2003 da como fecha del v. 1: 1860.</subfield>
  </datafield>
  <datafield tag="599" ind1=" " ind2=" ">
    <subfield code="a">Las 36 l&#xE1;m. litogr&#xE1;ficas de cada v. representan: fachadas, planos y decoraciones, interiores y exteriores, de edificios.</subfield>
  </datafield>
  <datafield tag="650" ind1=" " ind2="7">
    <subfield code="a">Arquitectura alemana</subfield>
    <subfield code="2"></subfield>
    <subfield code="9">161465</subfield>
  </datafield>
  <datafield tag="650" ind1=" " ind2="4">
    <subfield code="a">Decoraci&#xF3;n y ornamentaci&#xF3;n arquitect&#xF3;nica.</subfield>
    <subfield code="9">151448</subfield>
  </datafield>
  <datafield tag="852" ind1=" " ind2=" ">
    <subfield code="a">ES-MaACL</subfield>
    <subfield code="j">Z-157-166    </subfield>
    <subfield code="z">.- Sello: "Testamentar&#xED;a de Rafael Monle&#xF3;n, a&#xF1;o 1900"   </subfield>
    <subfield code="x">Olim:  G-5398-5407</subfield>
  </datafield>
  <datafield tag="999" ind1=" " ind2=" ">
    <subfield code="c">170687</subfield>
    <subfield code="d">170687</subfield>
  </datafield>
  <datafield tag="952" ind1=" " ind2=" ">
    <subfield code="0">0</subfield>
    <subfield code="1">0</subfield>
    <subfield code="4">0</subfield>
    <subfield code="7">0</subfield>
    <subfield code="8">LIBXIX</subfield>
    <subfield code="a">ATENEOM</subfield>
    <subfield code="b">ATENEOM</subfield>
    <subfield code="c">DEPOZ</subfield>
    <subfield code="d">2010-04-27</subfield>
    <subfield code="e">COM</subfield>
    <subfield code="l">0</subfield>
    <subfield code="o">Z-157-166</subfield>
    <subfield code="p">1183152</subfield>
    <subfield code="r">2023-02-23 00:00:00</subfield>
    <subfield code="w">2023-02-23</subfield>
    <subfield code="y">MONANT</subfield>
  </datafield>
</record>
